Analýza interakcií medzi akciovými trhmi na báze modelov MGARCH diplomová práca

Salvato in:
Dettagli Bibliografici
Autore principale: Kováč, Stanislav
Ente Autore: Fakulta hospodárskej informatiky EU. Katedra operačného výskumu a ekonometrie
Altri autori: Chocholatá, Michaela, 1977-
Natura: Libro
Lingua:slovacco
Pubblicazione: Bratislava 2018
Tags: Aggiungi Tag
Nessun Tag, puoi essere il primo ad aggiungerne!!

MARC

LEADER 00000nbm a2200000 4500
001 0243492
005 20180917084204.2
041 0 |a slo 
044 |a SK 
245 1 0 |a Analýza interakcií medzi akciovými trhmi na báze modelov MGARCH  |b diplomová práca  |c Stanislav Kováč ; školiteľ: Michaela Chocholatá 
264 1 |a Bratislava  |c 2018 
300 |a 71 s. 
100 1 |a Kováč, Stanislav 
700 1 |a Chocholatá, Michaela, 1977- 
710 2 |a Fakulta hospodárskej informatiky EU. Katedra operačného výskumu a ekonometrie